00648nam a2200229 a 4500001001300000003000900013005001700022008004100039020001000080082001700090100002200107245002500129260002800154300000900182500003500191505001000226650003000236902000800266942000700274952012000281999001700401nice12345678IN_TiNIC20260116015152.0050524s1958 lona grp 000 0 eng  ac10000a232.908bDOB aDobraczynski, Jan aLetters of Nicodemus aLondonbHeinemannc1958 a350p aincludes index and biblioraphy2 aIndex aJesus Christ-Historiocity bSRS cBK 001040708StackRoom-aHMIbHMId2007-06-19g100.00l0o232.908 DOBp11000709r2007-06-19v100.00w2005-05-24yBK c18595d18595